Clash Royale Leaderboards 2024 - Statistics

General Stats
  • This quiz has been taken 43 times
  • The average score is 29 of 120
Answer Stats
Hint Deck Answer % Correct
January Miner Poison Mohamed Light
96%
January Miner Poison Mohamed Light
96%
January Miner Poison Mohamed Light
96%
January Miner Poison Mohamed Light
96%
February Miner Poison Mohamed Light
96%
February Electro Giant Lightning Mohamed Light
96%
February Mortar Bomber Mohamed Light
96%
March Drill Ghost Bomber Mohamed Light
96%
March Drill Ghost Bomber Mohamed Light
96%
April Miner Ghost Ice Golem Mohamed Light
96%
May Princess Rocket Cycle Mohamed Light
96%
June Princess Rocket Cycle Mohamed Light
96%
August Miner Magic Archer Mohamed Light
96%
September Princess Rocket Cycle Mohamed Light
96%
December Hog Earthquake Goblinstein Mohamed Light
96%
February Drill WB Cycle Ryley
84%
May Princess Rocket Cycle Ryley
84%
June Princess Rocket Cycle Ryley
84%
February Royal Hogs EQ Bomber Ian77
56%
April Drill Bomber Ian77
56%
May Princess Rocket Cycle Ian77
56%
June Hog Earthquake Ian77
56%
August Drill Demolisher Ian77
56%
April Giant Lightning Mugi
36%
May Princess Rocket Cycle Mugi
36%
March LavaLoon Dominik
32%
April LavaLoon Dominik
32%
May Lava Triple Spell Dominik
32%
July LavaLoon Dominik
32%
September LavaLoon Dominik
32%
December LavaLoon Dominik
32%
February Royal Giant Bomber Pedro
28%
May Royal Giant Bomber Monk Pedro
28%
August Mortar Bait Asaf
24%
January Miner Poison LucasXGamer
24%
June Ram Rider Goblin Machine Lightning Pedro
24%
November Royal Hogs EQ Pedro
24%
March Giant Graveyard Taa
20%
April Giant Lightning Taa
20%
May Royal Giant Bomber Monk Taa
20%
August Xbow 3.0 Betfas
16%
September Xbow 3.0 Betfas
16%
September Xbow 3.0 Betfas
16%
July Pekka Ram Rider Issei
16%
October Recruits Goblinstein Ram Rider Osama
12%
November Recruits Ram Goblinstein osama
12%
November Goblinstein Graveyard Woo
12%
September Pekka LumberLoon Anaban
8%
July Graveyard Freeze Dess
8%
June Lava Prince Faust
8%
June Ram Rider Goblin Machine Lightning Guriko
8%
January Giant Graveyard Jorge Luis
8%
February Giant Graveyard Jorge Luis
8%
March Giant Graveyard Jorge Luis
8%
April Giant Graveyard Jorge Luis
8%
July Giant Graveyard Jorge Luis
8%
September Giant Graveyard Jorge Luis
8%
June Ram Rider Goblin Machine Lightning Kitassyan
8%
August Giant Beatdown Lciop
8%
April Giant Beatdown Nicoco
8%
November Giant Beatdown Nicoco
8%
March LavaLoon Rakan
8%
June Lava Triple Spell Rakan
8%
July LavaLoon Rakan
8%
July LavaLoon Rakan
8%
August LavaLoon Rakan
8%
July Drill Magic Archer RemiEli
8%
October Miner WB Magic Archer RemiEli
8%
November Miner WB Magic Archer Goblinstein RemiEli
8%
November Miner WB Magic Archer Goblinstein RemiEli
8%
October Mortar Bait Goblinstein Sosuke
8%
November Mortar Bait Goblinstein Sosuke
8%
March Giant Graveyard Sweep
8%
August Xbow 3.0 Tyton
8%
July Pekka Ram Rider Wero
8%
August Pekka Bridge Spam Wero
8%
September Pekka Ram Rider Wero
8%
December Pekka Bridge Spam Phoenix Wero
8%
December Hog Earthquake Goblinstein Damien
4%
December Pekka EDrag Ram Rider Distrughy
4%
October Royal Giant Bomber Lightning FurkanArabacı
4%
November Mega Knight Ram Goblinstein FurkanArabacı
4%
October Splashyard Goblinstein Ice
4%
February Royal Hogs EQ Bomber KickAsh
4%
March Graveyard Guards Cycle KickAsh
4%
March Graveyard Guards Cycle KickAsh
4%
September Mortar Bait Luminary
4%
November Royal Hogs EQ nyannyanmaru
4%
December Royal Hogs EQ Oyassu
4%
October Mortar Bait Goblinstein Polaris
4%
December Cannon Cart Bridge Spam Polaris
4%
December Pekka Bridge Spam simo
4%
May Royal Giant Bomber Monk Sofiane
4%
October Royal Giant Bomber Lightning Sofiane
4%
October Mortar Bait Goblinstein Sta
4%
August Mortar Bait Stalker
4%
September Mortar Bait Stalker
4%
December Pekka Goblin Giant Lightning Tanjiro
4%
November Mortar Bait Goblinstein Temir
4%
June Pekka Bridge Spam Tourist
4%
June LavaLoon Welcome
4%
July LavaLoon Welcome
4%
December LavaLoon Welcome
4%
September Pekka Ram Rider Agony King
0%
January Electro Giant Alaa
0%
February Goblin Giant Lightning Ardentoas
0%
April Drill Bomber Ardentoas
0%
May Royal Giant Bomber Monk Ardentoas
0%
October Royal Hogs EQ Bomber Crobat
0%
July Pekka Ram Rider Eriyi
0%
October Pekka Goblinstein Ram Rider Frontier Guard
0%
May Log Bait Kaist
0%
January Giant Graveyard Makotsu
0%
February Elixir Golem Pump Skellies Bats Makotsu
0%
August Giant Graveyard Makotsu
0%
January Miner Balloon Pompeyo
0%
January Miner Mortar Poison Samuel Bassotto
0%
April Giant Lightning Samuel Bassotto
0%
April Giant Lightning Sasuke
0%
March Pekka Bridge Spam Symbolism
0%
No matching quizzes found
Score Distribution
Percent of People with Each Score
Percentile by Number Answered
Your Score History
You have not taken this quiz